| 000 | 00355nam a2200145Ia 4500 | ||
|---|---|---|---|
| 008 | 210210b1958 xxu||||| |||| 00| 0 eng d | ||
| 082 | _a536/69 | ||
| 100 | _aKORSUNSKY (M) | ||
| 245 | _aTomic ucleus | ||
| 260 |
_aMoscow _bForeign Languages Publishing House _c1958 |
||
| 650 | _aucleus | ||
| 650 | _aTomic | ||
| 690 | _aModern Physics | ||
| 906 | _a008867 | ||
| 999 |
_c126630 _d126630 |
||